| 000 | 01380naa a22003617a 4500 | ||
|---|---|---|---|
| 001 | BR9403855 | ||
| 003 | BR-BrBNA | ||
| 005 | 20250721155513.0 | ||
| 007 | ta | ||
| 008 | 250630b bl.|||m| |||| 00| 0 por d | ||
| 040 |
_aBR-BrBNA _bpor _cBiblioteca Nacional de Agricultura |
||
| 041 | _a(Pt) | ||
| 072 |
_aF01; H60 _b0150 |
||
| 090 | _aF01 BR9403855 | ||
| 100 | 1 | _aSouza, P.R. de | |
| 100 | 1 | _aPedroso, B.A. | |
| 100 | 1 | _aNodenu, J.A. | |
| 100 | 1 | _aInfeld, J.A. | |
| 100 | 1 | _aGomes, A. do S. | |
| 100 | 1 | _aPauletto, E.A. | |
| 245 | 1 | _aAvaliacao critica dos projetos do PNP-arroz na area de praticas culturais, no periodo de 1980 a 1989: Estados do Rio Grande do Sul e Santa Catarina | |
| 500 | _aA pesquisa de arroz no Brasil nos anos 80: avaliacao critica dos principais resultados Goiania, GO (Brasil): 1994. p. 327-341 (BR9403855-AMS) | ||
| 773 | 0 |
_tA pesquisa de arroz no Brasil nos anos 80: avaliacao critica dos principais resultados _wF01 BR9403855 _gGoiania, GO (Brasil), 1994. p. 327-341 |
|
| 650 | _aArroz Irrigado | ||
| 650 | _aProjeto de Pesquisa | ||
| 650 | _aPratica Cultural | ||
| 650 | _aErva Daninha | ||
| 650 | _aRio Grande do Sul | ||
| 650 | _aSanta Catarina | ||
| 490 |
_aDocumentos - Centro Nacional de Pesquisa em Arroz e Feijao (Brazil) _vno. 40 _xISSN 0101-9716 |
||
| 942 |
_cAMS _2AGRIS |
||
| 909 |
_a202506 _bLúcia _c55 _dLúcia Elande |
||
| 999 |
_c336877 _d336877 |
||